101 câu hỏi thường gặp trong nông nghiệp Kỹ thuật chăn nuôi gà công nghiệp
Сохранить в:
| Главный автор: | |
|---|---|
| Формат: | |
| Язык: | Undetermined |
| Опубликовано: |
Tp. HCM
Trẻ
2002
|
| Предметы: | |
| Метки: |
Добавить метку
Нет меток, Требуется 1-ая метка записи!
|
| Thư viện lưu trữ: | Trung tâm Học liệu Trường Đại học Cần Thơ |
|---|
| LEADER | 00550nam a2200181Ia 4500 | ||
|---|---|---|---|
| 001 | CTU_46976 | ||
| 008 | 210402s9999 xx 000 0 und d | ||
| 082 | |a 630 | ||
| 082 | |b K600/T11 | ||
| 100 | |a TRẦN VĂN HÒA | ||
| 245 | 0 | |a 101 câu hỏi thường gặp trong nông nghiệp | |
| 245 | 0 | |b Kỹ thuật chăn nuôi gà công nghiệp | |
| 245 | 0 | |c TRẦN VĂN HÒA | |
| 260 | |a Tp. HCM | ||
| 260 | |b Trẻ | ||
| 260 | |c 2002 | ||
| 650 | |a poultry - breeding | ||
| 980 | |a Trung tâm Học liệu Trường Đại học Cần Thơ | ||